| 000 | 00442nam a2200169 a 4500 | ||
|---|---|---|---|
| 001 | 0000-8940 | ||
| 003 | ELIB.Books | ||
| 008 | 110520 1970 | ||
| 035 | _a(ELIB.Books)0000-9088 | ||
| 082 |
_a268 _bLee |
||
| 100 | _aLee, James Michael | ||
| 245 | _aToward a future for religious Education | ||
| 260 |
_bDayton: Pflaum Press _c1970 |
||
| 650 | _aChristian Education | ||
| 942 |
_2ddc _cBK |
||
| 998 |
_cbat _e2011-05-20 |
||
| 999 |
_c8940 _d8940 |
||